[Event "Prague Summer op-B 2nd"]
[Site "Prague"]
[Date "2015.08.12"]
[Round "7"]
[White "Nagel, Armin"]
[Black "Wanecki, Krzysztof"]
[Result "1/2-1/2"]
[WhiteElo "1588"]
[BlackElo "1454"]
[PlyCount "52"]
[EventDate "2015.08.07"]
[EventType "swiss"]
[EventRounds "9"]
[EventCountry "CZE"]
[SourceTitle "EXT 2017"]
[Source "ChessBase"]
[SourceDate "2016.10.25"]
[SourceVersion "1"]
[SourceVersionDate "2016.10.25"]
[SourceQuality "1"]

1. d4 Nf6 2. Nc3 g6 3. Bg5 Bg7 4. Nf3 d6 5. e3 0-0 6. h3 Nbd7 7. Bd3 e5 8. dxe5 Nxe5 9. Nxe5 dxe5 10. Ne4 Bf5 11. Bxf6 Bxf6 12. Nxf6+ Qxf6 13. e4 Bc8 14. 0-0 b6 15. Qe2 Qg5 16. Qf3 Bb7 17. Qe2 f5 18. f3 Qe7 19. Rae1 Rae8 20. a3 f4 21. Rd1 Rd8 22. Rd2 Rf6 23. Rfd1 Rfd6 24. Bc4+ Kg7 25. Rxd6 Rxd6 26. Rxd6 Qxd6 1/2-1/2

[Event "Stuttgart-chB int"]
[Site "Ditzingen"]
[Date "2013.05.11"]
[Round "5"]
[White "Fuerderer, Carl"]
[Black "Nagel, Armin"]
[Result "1-0"]
[WhiteElo "1586"]
[BlackElo "1600"]
[PlyCount "59"]
[EventDate "2013.05.09"]
[EventType "swiss"]
[EventRounds "7"]
[EventCountry "GER"]
[SourceTitle "EXT 2014"]
[Source "ChessBase"]
[SourceDate "2013.11.20"]
[SourceVersion "1"]
[SourceVersionDate "2013.11.20"]
[SourceQuality "1"]

1. e4 d5 2. exd5 Nf6 3. Bc4 Nxd5 4. Qf3 e6 5. Nc3 Nxc3 6. Qxc3 Nc6 7. Nf3 Qf6 8. Qxf6 gxf6 9. d4 b6 10. Bd2 Rg8 11. Rg1 Bb7 12. 0-0-0 0-0-0 13. c3 Bd6 14. g3 Ne7 15. Nh4 Nd5 16. Ng2 e5 17. Ne3 c6 18. Nxd5 cxd5 19. Bb5 e4 20. Rgf1 f5 21. f3 a6 22. Ba4 b5 23. Bc2 Rgf8 24. Bh6 Rfe8 25. fxe4 fxe4 26. Rxf7 Rh8 27. Rdf1 Rde8 28. Bd1 Re7 29. Rf8+ Rxf8 30. Bxf8 1-0

[Event "Stuttgart-chB int"]
[Site "Ditzingen"]
[Date "2013.05.09"]
[Round "1"]
[White "Nagel, Armin"]
[Black "Michna, Marcus"]
[Result "0-1"]
[WhiteElo "1600"]
[BlackElo "1789"]
[PlyCount "40"]
[EventDate "2013.05.09"]
[EventType "swiss"]
[EventRounds "7"]
[EventCountry "GER"]
[SourceTitle "EXT 2014"]
[Source "ChessBase"]
[SourceDate "2013.11.20"]
[SourceVersion "1"]
[SourceVersionDate "2013.11.20"]
[SourceQuality "1"]

1. d4 Nf6 2. Nc3 e6 3. Bg5 Be7 4. Nf3 d5 5. e3 b6 6. a3 0-0 7. b4 h6 8. Bh4 Bb7 9. Bd3 Re8 10. 0-0 Ne4 11. Bxe7 Qxe7 12. Ne2 Nd7 13. c4 dxc4 14. Bxc4 Ng5 15. Ne5 Nxe5 16. dxe5 Nf3+ 17. Kh1 Nxe5 18. Qc2 Qh4 19. f4 Ng4 20. h3 Qxh3+ 0-1